| 000 | 00617na a2200229 4500 | ||
|---|---|---|---|
| 001 | 18254 | ||
| 003 | MIRAKIL | ||
| 005 | 20181213154850.0 | ||
| 008 | 161115b tu 000 0 | ||
| 040 |
_aMilas _btur _cTR-AnCHP |
||
| 041 | _atur | ||
| 082 |
_a956.6 _bY66 1998 |
||
| 090 | _a956.6 Y66 1998 | ||
| 100 | _aYorulmaz, Enver | ||
| 245 |
_aNe yamandır Diyarbaır elleri _cEnver Yorulmaz |
||
| 260 |
_aAnkara _c1998 _fDoğuş Matbaacılık |
||
| 300 |
_a206 s. _c20 sm. |
||
| 651 |
_aDiyarbakır _xKültür ve sanat |
||
| 651 |
_aDiyarbakır _xTarih |
||
| 651 |
_aDiyarbakır _xTanıtım |
||
| 942 |
_2ddc _cBKS |
||
| 999 |
_c2238 _d2238 |
||